00322nam a2200145Ia 4500003000900000008004100009040001300050040001300063100001600076245002100092260002100113300000800134490000600142700002800148IT-RoPAU120407s9999 xx 000 0 und d aIT-RoPAU cIT-RoPAU aUgo Maraldi aAlberto Einstein aEdizioni Paoline c cm v1 aB. Giambigliani Zoccoli